00576 2200205 4500001002100000005001500021035002000036007000300056008004100059020001800100082000800118084001400126100002100140245005000161250001000211260005400221300004600275650001900321856003000340INLIS00000000000021420231031081608 a0010-1023000150ta231031 0 ind  a979-420-192-8 a632 a632 HAR p0 aHaryono Semangun1 aPenyakit-penyakit Tanaman Pangan di Indonesia akedua aYogyakarta :bGadjah mada University Press,c2005 axi,; 475 hlm :billus, ;c14,5 cm x 21 cm 4aTanaman Pangan aperpustakaan bpsip sumbar